000 00223nam a2200097Ia 4500
001 652647
005 20250826154442.0
008 250824s9999 xx 000 0 und d
245 0 _aENDİŞE AĞACI
_cMARİANNE
260 _bALTIN
999 _c652647
_d652647